| 000 | 01037nam a2200241 a 4500 | ||
|---|---|---|---|
| 001 | 41046 | ||
| 003 | BD-RjUL | ||
| 005 | 20240306123457.0 | ||
| 008 | 160514r20161983ii ||||| |||| 00| 0 ben d | ||
| 020 | _a817612995X | ||
| 020 | _a9788129528766 | ||
| 035 | _a(BD-RjUL)41046 | ||
| 040 |
_aBD-RjUL _bben _cBD-RjUL |
||
| 041 | _aben | ||
| 082 |
_223 _aB 891.4414 _bSEB 2016 |
||
| 100 |
_aসেন, প্রবোধচন্দ্র. _9118302 |
||
| 245 |
_aভারতপথিক রবীন্দ্রনাথ / _cপ্রবোধচন্দ্র সেন. |
||
| 260 |
_aকলকাতা : _bদে'জ পাবলিশিং , _c১৯৮৩ [ পুনর্মুদ্রণ ২০০২,২০১৬ ] |
||
| 300 |
_a২৮৮ পৃ. ; _c২৩ সেমি. |
||
| 600 |
_aঠাকুর, রবীন্দ্রনাথ _xসমালোচনা ও ব্যাখ্যা _d১৮৬১-১৯৪১ _97925 |
||
| 600 |
_aTagore, Rabindranath _d1861-1941 _xCriticism and interpretation. _97926 |
||
| 942 |
_2ddc _cBK |
||
| 999 |
_c41046 _d41046 |
||